01648nam a2200361 a 4500001001200000003000800012006001900020007001500039008004100054010001700095020002800112040002100140035002100161050002400182082002400206100003300230245013400263260004000397300001600437490005800453504006600511533015200577650005500729650005300784650006900837650007100906650007300977655002901050710001701079830004701096856012601143999001701269ebr10020858CaPaEBRm u cr cn|||||||||990421s2000 ctu sb 001 0 eng  z 99022140  z0275940705 (alk. paper) aCaPaEBRcCaPaEBR a(OCoLC)60778541014aE176.1b.K42 2000eb04a324.7/0973/09042211 aKendall, Kathleen E.,d1937-10aCommunication in the presidential primariesh[electronic resource] :bcandidates and the media, 1912-2000 /cKathleen E. Kendall. aWestport, Conn. :bPraeger,cc2000. axiv, 257 p.1 aPraeger series in political communication,x1062-5623 aIncludes bibliographical references (p. [225]-243) and index. aElectronic reproduction.bPalo Alto, Calif. :cebrary,d2013.nAvailable via World Wide Web.nAccess may be limited to ebrary affiliated libraries. 0aPresidentszUnited StatesxElectiony20th century. 0aPrimarieszUnited StatesxHistoryy20th century. 0aCommunication in politicszUnited StatesxHistoryy20th century. 0aRhetoricxPolitical aspectszUnited StatesxHistoryy20th century. 0aMass mediaxPolitical aspectszUnited StatesxHistoryy20th century. 7aElectronic books.2local2 aebrary, Inc. 0aPraeger series in political communication.40uhttp://site.ebrary.com/lib/rucke/Doc?id=10020858zAn electronic book accessible through the World Wide Web; click to view c24242d24242